| 000 | 00697nam a22001577a 4500 | ||
|---|---|---|---|
| 003 | OSt | ||
| 005 | 20161110111709.0 | ||
| 008 | 161110b xxu||||| |||| 00| 0 eng d | ||
| 040 | _cRUA | ||
| 082 | _aLMA KEO 2015 B529 Or.1 | ||
| 100 |
_911247 _aKEO PISEY; កែវ ពិសី |
||
| 245 | _aStudy on slum in sangkat chrang cham res mouy, khan russry keo, phnom penh; ការសិក្សាអំពីសំណង់បណ្ដោះអាសន្ននៅសង្កាត់ច្រាំងចំរេះ ១ ខណ្ឌឬស្សីកែវ រាជធានីភ្នំពេញ | ||
| 260 |
_aPHNOM PENH _bKEO _c2015 |
||
| 300 |
_axi;41p. _bill. _c29cm. |
||
| 942 |
_2ddc _cLMA |
||
| 999 |
_c10819 _d10819 |
||